Nouveau guide du touriste en Espagne et Portugal (Record no. 163997)
[ view plain ]
| 000 -LEADER | |
|---|---|
| campo de control de longitud fija | 01041nam a2200241 i 4500 |
| 001 - NÚMERO DE CONTROL | |
| campo de control | 163997 |
| 003 - IDENTIFICADOR DE NÚMERO DE CONTROL | |
| campo de control | ES-MaACL |
| 005 - FECHA Y HORA DE LA ÚLTIMA TRANSACCIÓN | |
| campo de control | 20250811172145.0 |
| 008 - DATOS DE LONGITUD FIJA--INFORMACIÓN GENERAL | |
| campo de control de longitud fija | 991103s1879 sp b |||| | fre d |
| 040 ## - FUENTE DE CATALOGACIÓN | |
| Centro catalogador/agencia de origen | CCPB | B |
| Lengua de catalogación | spa |
| Centro/agencia transcriptor | CCPB | B |
| 100 1# - ENTRADA PRINCIPAL--NOMBRE DE PERSONA | |
| Nombre de persona | Roswag, Alphonse. |
| 9 (RLIN) | 132084 |
| 245 10 - MENCIÓN DEL TÍTULO | |
| Título | Nouveau guide du touriste en Espagne et Portugal |
| Resto del título | : itinéraire artistique / |
| Mención de responsabilidad, etc. | par A. Roswag. |
| 260 ## - PUBLICACIÓN, DISTRIBUCIÓN, ETC. | |
| Lugar de publicación, distribución, etc. | Madrid ; |
| -- | Paris : |
| Nombre del editor, distribuidor, etc. | J. Laurent et C\pie\s, |
| Fecha de publicación, distribución, etc. | 1879 ( |
| Fabricante | Est. Tip. de Álvarez Hermanos) |
| 300 ## - DESCRIPCIÓN FÍSICA | |
| Extensión | XXI, [1], 365 p., [1] h. de mapa pleg. ; |
| Dimensiones | 19 cm. |
| 510 4# - NOTA DE CITAS O REFERENCIAS BIBLIOGRÁFICAS | |
| Nombre de la fuente | Palau, |
| Localización dentro de la fuente | t. XVIII, 279203 |
| 530 ## - NOTA DISPONIBLE DE FORMULARIO FÍSICO ADICIONAL | |
| Nota de formato físico adicional disponible | Disponible en formato digital. |
| 599 ## - NOTA A LAS ILUSTRACIONES | |
| NOTA A LAS ILUSTRACIONES | El map. es lit. de España y Portugal. |
| 651 #4 - PUNTO DE ACCESO ADICIONAL DE MATERIA--NOMBRE GEOGRÁFICO | |
| Nombre geográfico | España- |
| Subdivisión de forma | Guías turísticas- |
| Subdivisión cronológica | S.XIX. |
| 9 (RLIN) | 8207 |
| 651 #4 - PUNTO DE ACCESO ADICIONAL DE MATERIA--NOMBRE GEOGRÁFICO | |
| Nombre geográfico | Portugal- |
| Subdivisión general | Guías turísticas |
| 9 (RLIN) | 9256 |
| 852 ## - LOCALIZACIÓN | |
| Ubicación | ES-MaACL |
| Número de control de estantería | C-290(1) |
| Nota libre | - Enc. tela roja con estampaciones, orla con hierros negros y cortes rojos |
| 856 ## - LOCALIZACIÓN Y ACCESO ELECTRÓNICOS | |
| Identificador Uniforme de Recursos | <a href="http://bdh-rd.bne.es/viewer.vm?id=0000000199&page=1 ">http://bdh-rd.bne.es/viewer.vm?id=0000000199&page=1 </a> |
| Nota pública | Biblioteca Digital Hispánica |
| Estatus retirado | Estado de pérdida | Estado de daño | No para préstamo | Colección | Biblioteca de origen | Biblioteca actual | Ubicación en estantería | Fecha de adquisición | Fuente de adquisición | Total de préstamos | Signatura topográfica completa | Código de barras | Visto por última vez | Precio de reemplazo | Tipo de ítem Koha |
|---|---|---|---|---|---|---|---|---|---|---|---|---|---|---|---|
| Colección digital | Biblioteca del Ateneo de Madrid | Biblioteca del Ateneo de Madrid | Sala Palomar | 17/01/2008 | C-290 | 1171880 | 23/02/2023 | 23/02/2023 | Libro impreso antiguo |
